Statistics for Greatest Hollywood Actresses by Oscar Awards

Click here to take the quiz!

General Stats

  • This quiz has been taken 43,450 times
    (8,687 since last reset)
  • The average score is 29 of 67

Answer Stats

#MovieActress% Correct
4.0Breakfast at Tiffany'sAudrey Hepburn
86%
12.6Sophie's ChoiceMeryl Streep
86%
3.2Pretty WomanJulia Roberts
83%
4.2TitanicKate Winslet
82%
12.8The Philadelphia StoryKatharine Hepburn
81%
6.0CleopatraElizabeth Taylor
79%
5.6The Silence of the LambsJodie Foster
77%
3.0Black SwanNatalie Portman
76%
3.4The Hunger GamesJennifer Lawrence
74%
3.2The Sound of MusicJulie Andrews
73%
5.2La La LandEmma Stone
72%
3.8Moulin Rouge!Nicole Kidman
66%
4.8Million Dollar BabyHilary Swank
65%
2.8The Blind SideSandra Bullock
64%
3.6SkyfallJudi Dench
63%
6.6BarbarellaJane Fonda
60%
2.8CabaretLiza Minnelli
60%
3.2The QueenHelen Mirren
59%
7.6CasablancaIngrid Bergman
59%
4.6Harry Potter seriesMaggie Smith
58%
4.8Gone With the WindVivien Leigh
58%
5.6ElizabethCate Blanchett
57%
2.8Walk the LineReese Witherspoon
57%
8.4All About EveBette Davis
56%
2.8MiseryKathy Bates
56%
3.6Annie HallDiane Keaton
55%
8.0FargoFrances McDormand
55%
2.8Mad Max: Fury RoadCharlize Theron
53%
4.4JudyRenée Zellweger
49%
2.8The Prince of TidesBarbra Streisand
48%
5.0Norma RaeSally Field
44%
4.4Coal Miner's DaughterSissy Spacek
43%
3.4The Remains of the DayEmma Thompson
41%
3.2Bonnie and ClydeFaye Dunaway
41%
4.0Bull DurhamSusan Sarandon
40%
3.2The PianoHolly Hunter
38%
3.6Boogie NightsJulianne Moore
38%
2.8La Vie en RoseMarion Cotillard
37%
4.0The GraduateAnne Bancroft
35%
5.8Gone With the WindOlivia de Havilland
35%
3.2Mildred PierceJoan Crawford
34%
2.8Marriage Italian StyleSophia Loren
34%
5.2TootsieJessica Lange
31%
3.0The FatherOlivia Colman
29%
4.0The ApartmentShirley MacLaine
29%
5.6A Touch of ClassGlenda Jackson
28%
3.8The Song of BernadetteJennifer Jones
27%
3.6Doctor ZhivagoJulie Christie
27%
3.2It Happened One NightClaudette Colbert
22%
4.8Mrs. MiniverGreer Garson
22%
4.2The ExorcistEllen Burstyn
21%
3.6The Three Faces of EveJoanne Woodward
19%
3.2SuspicionJoan Fontaine
18%
4.4The Trip to BountifulGeraldine Page
16%
3.0JuliaVanessa Redgrave
16%
2.8HudPatricia Neal
15%
4.0I Want to Live!Susan Hayward
15%
3.6Johnny BelindaJane Wyman
14%
2.8The Farmer's DaughterLoretta Young
13%
4.8The Great ZiegfeldLuise Rainer
13%
2.8The Rose TattooAnna Magnani
12%
2.8A Star Is Born (1937)Janet Gaynor
12%
4.0The DivorceeNorma Shearer
12%
2.8Room at the TopSimone Signoret
12%
3.6A Farewell to ArmsHelen Hayes
11%
3.0A Patch of BlueShelley Winters
11%
2.8Min and BillMarie Dressler
10%

Score Distribution

Percentile by Number Answered

Percent of People with Each Score

Your Score History

You have not taken this quiz since the last reset